Chinese Autonomous Regions and Their Capitals 🇨🇳 - Statistics

General Stats
  • This quiz has been taken 68 times
  • The average score is 8 of 15
Answer Stats
Answer % Correct
Tibet
90%
Ürümqi
78%
Uyghur
78%
Lhasa
77%
Inner Mongolia
75%
Xinjiang
75%
Mongol
70%
Tibetan
70%
Guangxi
45%
Hohhot
42%
Ningxia
40%
Nanning
30%
Yinchuan
25%
Zhuang
23%
Hui
22%
No matching quizzes found
Score Distribution
Percent of People with Each Score
Percentile by Number Answered
Your Score History
You have not taken this quiz